000 00802cam a2200205 4500
001 WB3739-10
008 011017n2001 000 0 eng u
035 _a(Sirsi) u115155
245 _aChaos surrounds Railtrack projects
260 _c2001
490 _aEstates Gazette
_v(0141) 13 October 2001, 30(1)
520 _aWith the fall of Railtrack, the future of developments worth billions of pounds is now in serious doubt. The confusion has arisen over a dispute between Railtrack Group and Ernst Young over the disposal of Railtrack plc's non-operational assets in order to compensate shareholders.
590 _aWB
650 _aRAILWAY PROPERTY
650 _aADMINISTRATION
650 _aPROPERTY SALES
650 _aCOMPENSATION
690 _aPROPERTY-COMMERCIAL PROPERTY
942 _n0
999 _c68584
_d68584